Пригоди молодого лицаря (Запис № 17739)

000 -Маркер запису
Контрольне поле сталої довжини 01877nam a22002657a 4500
003 - Належність контрольного номера
Контрольне поле Uzh_bibl
008 - Кодовані дані
Контрольне поле сталої довжини 260513b |||||||| |||| 00| 0 ukr d
020 ## - Індекс ISBN
ISBN 978-966-339-699-6
Ціна 75.00
040 ## - Джерело каталогіз.
Код мови каталог. укр.
041 ## - Код мови видання
Код мови оригіналу українська
Код мови тексту українська
080 ## - Індекс УДК
Індекс УДК 821.161.2
090 ## - Шифри
Поличний індекс 821.161.2
Авторський знак Ч 48
100 ## - Автор
Автор Черкасенко,Спиридон
245 ## - Назва
Назва Пригоди молодого лицаря
Відповідальність іл.В.Куща
Фізичний носій Текст
260 ## - Вихідні дані
Місце видання Київ
Видавництво Національний книжковий проект
Дата видання 2011
300 ## - Фізичний опис
Обсяг 352 с.
Ілл./тип відтвор. іл.
Тип одиниці В опр.
490 ## - Серія
Назва серії серія "Україна крізь віки"
520 ## - Анотація
Анотація Події, відтворені в романі, змальовують життя й побут запорозького козацтва ХVІІ століття. Романтичне козацьке кохання молодого лицаря Павла і козацької дочки Орисі, благородне побратимство рядових запорожців, мудрість і військовий хист їхнього провідника Сагайдачного, бої на морі й суші, морські походи й штурми фортець, визволення невольників з турецької каторги — все це захоплює й заворожує читача, пробуджує приспане почуття національної гідності та гордості за свій народ.
521 ## - Примітка про цільове призначення
Примітка про цільове призначення для ст. шк. віку
546 ## - Примітка про мову
Примітка про мову укр.
650 ## - Тематичні рубрики
Основна рубрика Літературно -художнє видання
653 ## - Ключові слова
Ключові слова Запорізьке козацтво
-- Романтичне кохання
-- Морські походи
655 ## - Термін індексування — жанр/форма
Жанр/форма Проза
Типове ділення Іст. роман
Хронологічне ділення XVI ст.
Географічне діленння Україна
942 ## - ADDED ENTRY ELEMENTS (KOHA)
Джерело класифікації чи схема поличного розташування
Koha item type Книги
Фонди
Статус вилучення Статус втрати/відсутності Джерело класифікації чи схема поличного розташування Статус пошкодження Тип обігу (не для випозичання) Постійне розташування Поточне розташування Розташування у відділі Дата надходження Інвентарний номер Total Checkouts Повний (примірниковий) шифр зберігання Штрих-код Date last seen Дата, для якої чинна ціна заміни Тип одиниці (рівень примірника)
          Бібліотека-філія №3 Бібліотека-філія №3 Абонемент старший відділ 13/05/2026 68878   821.161.2 4234 13/05/2026 13/05/2026 Книги

Працює на АБІС Коха